Juvenilia / (Record no. 162235)

MARC details
000 -LEADER
campo de control de longitud fija 00695nam a22002055i 4500
001 - NÚMERO DE CONTROL
campo de control 162235
003 - IDENTIFICADOR DE NÚMERO DE CONTROL
campo de control ES-MaACL
005 - FECHA Y HORA DE LA ÚLTIMA TRANSACCIÓN
campo de control 20230906212447.0
008 - DATOS DE LONGITUD FIJA--INFORMACIÓN GENERAL
campo de control de longitud fija 960201s1893 sp |||| | spa d
040 ## - FUENTE DE CATALOGACIÓN
Centro catalogador/agencia de origen GA
Lengua de catalogación spa
Centro/agencia transcriptor CCPB | SIC
100 1# - ENTRADA PRINCIPAL--NOMBRE DE PERSONA
Nombre de persona Placer Bouzo, Camilo.
9 (RLIN) 131205
245 10 - MENCIÓN DEL TÍTULO
Título Juvenilia /
Mención de responsabilidad, etc. Camilo Placer ; (con un prólogo de Manuel Murguía).
260 ## - PUBLICACIÓN, DISTRIBUCIÓN, ETC.
Lugar de publicación, distribución, etc. La Coruña :
Nombre del editor, distribuidor, etc. Andrés Martínez,
Fecha de publicación, distribución, etc. 1893 (
Fabricante Tipografía de la Casa de Misericordia)
300 ## - DESCRIPCIÓN FÍSICA
Extensión XXIV, 184 p. ;
Dimensiones 20 cm.
490 1# - MENCIÓN DE SERIE
Mención de serie Biblioteca gallega ;
Designación de volumen o secuencia 33
700 1# - ENTRADA AGREGADA--NOMBRE PERSONAL
Nombre de persona Murguía, Manuel.
9 (RLIN) 84577
830 0# - PUNTO DE ACCESO ADICIONAL DE SERIE-TÍTULO UNIFORME
Título uniforme Biblioteca gallega ;
Designación de volumen o secuencia 33
9 (RLIN) 180864
852 ## - LOCALIZACIÓN
Ubicación ES-MaACL
Número de control de estantería G-9214
Nota libre -- Enc. pasta
Holdings
Estatus retirado Estado de pérdida Estado de daño No para préstamo Colección Biblioteca de origen Biblioteca actual Ubicación en estantería Fecha de adquisición Fuente de adquisición Total de préstamos Signatura topográfica completa Código de barras Visto por última vez Precio de reemplazo Tipo de ítem Koha
        Libros del s. XIX Biblioteca del Ateneo de Madrid Biblioteca del Ateneo de Madrid Sala Pecera Planta 3 17/01/2008     G-9214 1169963 23/02/2023 23/02/2023 Libro impreso antiguo